Представление документа в формате MARC21

Поле Инд. ПП Название Значение
Тип записи a
Библиографический уровень b
001 Контрольный номер 5efa2b642e0d4ea99eb071b5ba67772e
005 Дата корректировки 20241203130822.2
080 a Индекс УДК 621.762.55
097 b Оператор *Плё*
100 1_ a Автор Сахаров К.А.
245 10 a Заглавие Об абразивной износостойкости образцов нержавеющей стали, полученных селективным лазерным плавлением
p Название части/ раздела - Текст : электронный
b Продолж. заглавия статья
260 a Место издания Тверь
b Издательство ТвГТУ
c Дата издания 2024
520 0_ a Аннотация Представлены результаты экспериментальных исследований абразивной износостойкости образцов нержавеющей стали, полученных по технологии селективного лазерного плавления. Показано, что в плоскости слоя интенсивность изнашивания заметно ниже, чем в поперечном сечении.
653 0_ a Ключевые слова Износостойкость
a Ключевые слова Микротвердость
a Ключевые слова Нержавеющая сталь
a Ключевые слова Селективное лазерное плавление
700 12 a Другие авторы Афанасьева Л.Е.
700 12 a Другие авторы Новоселова М.В.
773 18 w Контрольный № источника 48e5b62063be4c66b648ecbdb936c832
t Название источника Механика и физика процессов на поверхности и в контакте твердых тел, деталей технологического и энергетического оборудования
d Место и дата издания Тверь : ТвГТУ, 2024
g Прочая информация Вып. 17. - С. 83-89
900 a Имя макрообъекта 001-000164116-000000000-0000-0000-01
901 t Тип документа b
950 a Редактор записи мс
951 i EL-ТГТУ? да